Follow That Line: How I Met Your Mother 14 Quiz Stats

 Plays Quiz not verified by Sporcle

Also try: TV Shoes
Challenge
Share
Tweet
Embed
Score 0/25 Timer 05:00
0 Plays Today
% Correct
there is a second awesome gland
91.9%
comes great responsibility
91%
because the second half of that word is… dairy!
91%
the stubborn clasp of a bra, a paternity suit - nine for 10 - and the urge to vomit whenever I see someone wear brown shoes with a black suit.
89.7%
the camera lusts me
89.7%
She's hot, she's talented, and any woman who does that many Woody Allen movies has to have major daddy issues
88.5%
on top of the sundae of awesomeness that is my life
88.5%
Why waste it on talking?
88%
you're practically kosher
87.6%
That's like taking a deer carcass on a hunting trip
86.8%
the ‘You like her, you call her’ rule
86.8%
I am the Bill and Melinda Gates of the sympathy bang
83.3%
are the same as the rules for Gremlins
83.3%
% Correct
It’s for the bride
82.5%
you probably can’t
82.5%
but that only lasts 12 hours... 14 if you qualify for multiple entry
82.1%
people who seem like bold risk takers, but never actually do anything
80.3%
And as a woman, you are an illegal immigrant here
79.9%
let’s not hit too many homers
79.9%
They just want to get to the green, they don't mind going through the rough
79.1%
Either way, the answer's about half the time.
76.9%
and do me as I lie there with my eyes closed
75.2%
It’s giving me a de-rection
73.5%
After nine years of captivity, that is my greatest lesson to you
57.7%
Tonight, we are having a no-holds-barred celebration of brohood; a broing away party; a bro-choice rally; Brotime At The Apollo
52.6%

You're not logged in!

Compare scores with friends on all Sporcle quizzes.
Join for Free
OR
Log In

You Might Also Like...

Show Comments

Extras

Top Quizzes Today


Score Distribution

Your Account Isn't Verified!

In order to create a playlist on Sporcle, you need to verify the email address you used during registration. Go to your Sporcle Settings to finish the process.

Report this User

Report this user for behavior that violates our Community Guidelines.

Details: